000
00195nam a2200085Ia 4500
008
210107s9999 xx 000 0 und d
100
_a
Dhar, J.K.
245
0
_a
Basic Marine Engineering
942
_c
BK
999
_c
11396
_d
11396